| 000 | 01424nam a2200205 a 4500 | ||
|---|---|---|---|
| 001 | 000021100 | ||
| 005 | 20200930011232.0 | ||
| 008 | 100831s2006 dr acd 000 0 spa d | ||
| 020 | _a9993482315 | ||
| 040 |
_aDO-SdBNP _bspa _cBNPHU |
||
| 082 |
_a972.93 _bD671hi |
||
| 100 | 1 |
_aDomínguez, Jaime de Jesús _d1947- _910244 |
|
| 245 | 1 | 0 |
_aHistoria dominicana / _cJaime de Jesús Domínguez. |
| 260 |
_aSanto Domingo : _babc editorial, _c2006. |
||
| 300 |
_a287 p. : _bil., map., retrs. ; _c23 cm. |
||
| 500 | _aBibliografía: p. 286-287 | ||
| 505 | 0 | _aLos indígenas de La Española -- Colón y el descubrimiento de América -- La factoría colombina -- La insurrección de Roldán -- El Gobierno de Ovando -- Diego Colón. Padres Jerónimos. Enriquillo -- La industria azucarera colonial -- Los negros esclavos -- Las devastaciones de Osorio -- Santo Domingo francés y español -- Las primeras invasiones haitianas -- La era de Francia en Santo Domingo -- La España Boba. Independencia Efímera -- La ocupación haitiana -- La primera república -- La anexión a España -- Julio de 1865. Julio de 1886 -- La Dictadura de Heureaux -- Los inicios del siglo XX -- La primera ocupación estadounidense -- El tercer gobierno de Horacio Vásquez -- La dictadura de Trujillo -- Hacia la democracia representativa -- Bibliografía. | |
| 651 | 4 |
_aRepública Dominicana _xHistoria _9170 |
|
| 910 | _aValidado. Control de calidad MFF | ||
| 999 |
_c20602 _d20602 |
||